| 000 | 00875cam a22003134a 4500 | ||
|---|---|---|---|
| 001 | |||
| 003 | OSt | ||
| 005 | 20220107122802.0 | ||
| 008 | 110620s2011 nyua b 001 0 eng | ||
| 010 | _a | ||
| 020 | _a9780521110020 | ||
| 035 | _a | ||
| 040 | _cIIITMK | ||
| 042 | _a | ||
| 050 | 0 | 0 | _b |
| 082 | 0 | 0 |
_a621.3822 MAN/A _2 |
| 100 | 1 |
_aManolakis, Dimitris G. _97149 |
|
| 245 | 1 | 0 |
_aApplied digital signal processing: _bTheory and practice _cDimitris G. Manolakis, Vinay K. Ingle. |
| 260 |
_aNew Delhi, _bCambridge University Press, _c2011. |
||
| 300 |
_axv, 991 p. _b _c |
||
| 504 | _aIncludes bibliographical references (p. [968]-976) and index. | ||
| 505 | 8 | _a | |
| 650 | 0 |
_aDIGITAL SIGNAL PROCESSING _x _97150 |
|
| 650 | 0 |
_aDIGITAL TECHNIQUES _97151 |
|
| 700 | 1 |
_aIngle, Vinay K. _97152 |
|
| 856 | 4 | 2 |
_3 _u |
| 942 |
_2ddc _cBK |
||
| 999 |
_c4750 _d4750 |
||